ბათუმის შოთა რუსთაველის სახელმწიფო უნივერსიტეტის ბიბლიოთეკა

სამოსამართლო სამართალი = Judge-Made law / (ბიბ.ჩანაწერი № 47224)

000 -ლიდერი
ფიქსირებული სიგრძის საკონტროლო ველი 01257nam a2200241Ia 4500
001 - საკონტროლო ნომერი
საკონტროლო ველი 14084
003 - საკონტროლო ნომრის იდენტიფიკატორი
საკონტროლო ველი GE_BSU
005 - ბოლო ოპერაციის თარიღი და დრო
საკონტროლო ველი 20211125134123.0
008 - ფიქსირებული სიგრძის მონაცემთა ელემენტები - ზოგადი ინფორმაცია
ფიქსირებული სიგრძის საკონტროლო ველი 181216s2014||||ge |||||||||||||| ||geo||
020 ## - წიგნის საერთაშორისო სტანდარტული ნომერი
International Standard Book Number 9789941935404
040 ## - კატალოგიზაციის წყარო
Transcribing agency GE_BSU
041 ## - ენის კოდი
Language code of text/sound track or separate title geo
080 ## - უნივერსალური ათობითი კლასიფიკაციის ინდექსი
Universal Decimal Classification number 347.9 გ-59
100 ## - მთავარი ჩანაწერი - პიროვნების სახელი
Personal name გოგიაშვილი, გიორგი
9 (RLIN) 7880
245 ## - ცნობა სათაურის შესახებ
Statement of responsibility, etc გიორგი გოგიაშვილი ; სამეცნ. რედ.: ვახტანგ თორდია, გოჩა მამულაშვილი ; საქ. დავით აღმაშენებლის სახ. უნ-ტი.
Title სამოსამართლო სამართალი = Judge-Made law /
264 ## - წარმოების, გამოცემის, დისტრიბუციის და სხვა ცნობები
გამოცემის, წარმოების, დისტრიბუციის... ადგილი თბილისი :
გამოცემის, წარმოების, დისტრიბუციის... სახელწოდება იურისტების სამყარო,
გამოცემის, წარმოების, დისტრიბუციის... თარიღი 2014.
300 ## - ფიზიკური აღწერა
Extent 299 გვ.;
Other physical details 24 სმ.
500 ## - ზოგადი შენიშვნა
General note გარეკანი, თავფურ. და ტექსტი ქართ. და ინგლ.
653 ## - INDEX TERM--UNCONTROLLED
Uncontrolled term სამოსამართლო სამართალი
700 ## - ADDED ENTRY--PERSONAL NAME
Personal name თორდია, ვ.
Relator term რედაქტორი
9 (RLIN) 13045
700 ## - ADDED ENTRY--PERSONAL NAME
Personal name მამულაშვილი, გ.
Relator term რედაქტორი
9 (RLIN) 13046
942 ## - ADDED ENTRY ELEMENTS (KOHA)
Koha item type წიგნი
Source of classification or shelving scheme
ეგზემპლარები
ჩამოწერის სტატუსი დაკარგული ეგზემპლარის სტატუსი კლასიფიკაციის წყარო ან თაროზე გაწყობის სქემა დაზიანების სტატუსი არ გაიცემა მუდმივი მდებარეობა (დაცვის ადგილი) ამჟამინდელი ადგილსამყოფელი თაროზე განთავსების ადგილი შეძენის თარიღი სრული შენახვის შიფრი შტრიხკოდი ბოლო ოპერაციის თარიღი ეგზემპლარის მიმდევრობითი ნომერი (კეტერი?) ფასის ძალაში შესვლის თარიღი ეგზემპლარის სახეობა
          ბათუმის შოთა რუსთაველის სახელმწიფო უნივერსიტეტის მთავარი ბიბლიოთეკა ბათუმის შოთა რუსთაველის სახელმწიფო უნივერსიტეტის მთავარი ბიბლიოთეკა წიგნსაცავი 2018-12-17 347.9 გ-59 27432 2018-12-17 27432 2018-12-17 წიგნი